Evolution of law and society / (Record no. 67048)

MARC details
000 -LEADER
fixed length control field 00434nam a22001457a 4500
005 - DATE AND TIME OF LATEST TRANSACTION
control field 20180723115917.0
020 ## - INTERNATIONAL STANDARD BOOK NUMBER
International Standard Book Number 8126115475
Terms of availability 1200.00
035 ## - SYSTEM CONTROL NUMBER
System control number B-161578, B-161577
037 ## - SOURCE OF ACQUISITION
Stock number DPL
Source of stock number/acquisition ENG
245 ## - TITLE STATEMENT
Title Evolution of law and society /
Statement of responsibility, etc edited by S.R. Sharma
260 ## - PUBLICATION, DISTRIBUTION, ETC. (IMPRINT)
Place of publication, distribution, etc New Delhi
Name of publisher, distributor, etc Anmol Publications
Date of publication, distribution, etc 2004
300 ## - PHYSICAL DESCRIPTION
Extent vii, 395p.
Dimensions 20 cms.
700 ## - ADDED ENTRY--PERSONAL NAME
Personal name Sharma, S.R.
9 (RLIN) 47749
942 ## - ADDED ENTRY ELEMENTS (KOHA)
Source of classification or shelving scheme Dewey Decimal Classification
Item type English Books
Classification part 340.115
Call number suffix EVO
Holdings
Withdrawn status Lost status Not for loan Collection code Home library Current library Date acquired Cost, normal purchase price Full call number Barcode Cost, replacement price Koha item type
      Non-fiction Patel Nagar Patel Nagar 23/07/2018 120.00 340.115 EVO B-161577 120.00 English Books
      Non-fiction Sarojini Nagar Sarojini Nagar 22/05/2012 1200.00 340.115 EVO B-161578 1200.00 English Books

© Delhi Public Library
Hit Counter
free hit counter